Statistiques concernant Pays consommant le plus de café par habitant :

Cliquez ici pour prendre le quiz!

Statistiques générales

  • Ce quiz a été pris 66 fois
  • Le résultat moyen est 7 sur 11

Statistiques - réponses

NombrePays% Correct
6Suède
85%
2Norvège
81%
4Danemark
79%
7Suisse
76%
1Finlande
74%
3Islande
73%
5Pays-Bas
69%
8Belgique
66%
10Autriche
65%
8Luxembourg
65%
9Bosnie-Herzégovine
11%

Distribution des résultats

Percentile par nombre de réponses

% des personnes avec chaque résultat

Votre développement - résultats

Vous n’avez pas pris ce quiz